| 000 | 00583nam a2200193Ia 4500 | ||
|---|---|---|---|
| 003 | IN-BaIIA | ||
| 008 | 211028s9999 xx 000 0 eng d | ||
| 040 | _cIIA Library | ||
| 080 |
_a524.75 _bKAH |
||
| 100 |
_aKahn, F. D _97856 |
||
| 245 | 0 |
_aQuasars _btheir imporance in astronomy and physics _cF. D. Kahn and H. P. Palmer |
|
| 260 |
_aManchester _bManchester University Press _c1967 |
||
| 300 | _a112p. | ||
| 650 |
_a Astronomy _97857 |
||
| 650 |
_a Galactic nuclei _97858 |
||
| 650 |
_aAstronomy and astrophysics thesaurus _91143 |
||
| 650 |
_aQuasars _97859 |
||
| 942 | _cBK | ||
| 999 |
_c4494 _d4494 |
||